| 000 | 01134nam a22002657a 4500 | ||
|---|---|---|---|
| 005 | 20090316110612.0 | ||
| 008 | 090316t xxu||||| |||| 00| 0 hin d | ||
| 010 | _aHIN-90977 | ||
| 020 |
_c250.00 _a8172770758 |
||
| 035 | _aHN-63323 | ||
| 037 | _bDBAD / PUB | ||
| 040 |
_aDPL _bHN |
||
| 082 | _a808.883 | ||
| 100 |
_924114 _aशुक्ल, दुर्गाप्रसाद |
||
| 245 |
_aदिवंगत घर के बहाने / _cदुर्गाप्रसाद शुक्ल |
||
| 246 |
_aDivangat ghar ke bahane _bby Durga Prasad Shukla |
||
| 260 |
_aदिल्ली _bस्वाति अकादमी _c2010 |
||
| 270 |
_aबी-5/263, यमुना विहार _bदिल्ली _e110053 _k65278761 |
||
| 300 |
_a206पृ. _c22सेमी (सजिल्द) |
||
| 650 | _91169 | ||
| 700 | _924212 | ||
| 700 | _924219 | ||
| 942 |
_2ddc _cHN _mशुक्लदु _h808.883 |
||
| 999 |
_c48598 _d48598 |
||